000
00312 a2200109 4500
001
ART_26200
005
20260410161936.0
008
260409a
245
1
0
_a
Análisis económico para la equidad
100
1
_a
Rodríguez Enríquez, Corina
773
0
_t
SaberEs
_g
- Nº 2 (jun. 2010)
_w
REV26089
999
_c
29092
_d
29092